1367 1297 1130 1047 1938 1311 1675 1132 1202 1650 1068 1756 1098 1477 1098 1238 1141 1265 1642 1575 1524 1640 1746 1926 1215 1328 1263 1018 1631 1079 1331 1195 1855 1743 1773 1076 1204 1496 1488 1900 1997 1987 1310 1621 1500 1671 1018 1303 1326 1369 1364 1395 1160 1520 1311 1351 1647 1567 1342 1899 1888 1673 1435 1779 1022 1859 1592 1956 1144 1400 1895 1764 1088 1498 1519 1272 1966 1313 1922 1161 1238 1330 1273 1583 1762 1873 1734 1197 1968 1252 1091 1894 1469 1458 1298 1333 1639 1367 1951 BCNSPRNW ULIB Ver.6.0+V

เปลี่ยนเป็นภาษาไทย

Change to English
 แสดงรายละเอียดบรรณานุกรม
  กลับหน้าหลัก

Brief Record : Get Marc (ISO 2709) : E-mail record : QR code < ปิดหน้าต่าง
LEADER : 00000nam 2200000uu 4500
001    13399110805
003     ULIB
008    110609s2552||||th 000 0 tha d
020    9786167013022
060 04 WS113^bซ299ฟ 2553
100 1  กรูเอนเบิร์ก, ซิโดนี แม็ทซ์เนอร์
245 10 ฟังลูก /^cนักเขียน, ซิโดนี แม็ทซ์เนอร์ กรูเอนเบิร์ก ; ผู้แปล, ปิติ วัฒนาธร,ผู้แปล
260    กรุงเทพฯ :^bDดี,^c2552
300    152 หน้า ;^c21 ซม
505 2  ปูพื้นฐาน: ว่าด้วยเรื่องของคุณกับลูกๆ -- การลงโทษ:ลงโทษลูกอย่างไรจึงจะดี? -- จินตนาการ: ความสำคัญของเรื่องไร้สาระ -- กฎสำคัญข้อแรก: เชื่อฟังแค่ไหนจึงจะเรียกว่าเหมาะสม? -- ความตั้งใจ: การฝึกฝน -- เหตุผล: เหตุผลของผู้ใหญ่ และเหตุผลของเด็ก -- การเล่น: เลือกเล่นให้ลูก ลูกจะดีพร้อม -- ความกลัว: เข้าใจความกลัวลูก ปลูกอนาคตที่มั่นใจ
650  7 เด็ก^xการดูแล
650  7 การอบรมเด็ก
650  7 เด็ก^xการเลี้ยงดู
700 0  ปิติ วัฒนาธร
945    ^p155^l0^i027632
995    ทศพร
999 ^a ใช้งานได้ทุกระบบ
รายการนี้ยังไม่มีแท็ก
คุณยังไม่ได้ล็อกอิน คุณสามารถมีกิจกรรมร่วมกับเว็บไซต์ได้ แต่ต้องล็อกอินก่อน ::
  ล็อกอิน

รายการสื่อสารสนเทศ

ลำดับที่ ประเภท เลขเรียก/บาร์โค้ด สถานที่ สถานะ
1. วิทยาศาสตร์การแพทย์ และสุขภาพ
หนังสือสำรอง
สถานะ=หนังสือสำรอง
WS113 ซ299ฟ 2553 ฉ.1 
  Barcode: 027632
ห้องสมุดวิทยาเขตสวรรค์ประชารักษ์
►ส่วนจัดเก็บหนังสือเก่า สปร
บนชั้น
  ขอยืม

รายการใกล้เคียง
    หัวเรื่อง [เด็ก การดูแล]

BibComment


ยังไม่เคยถูกคอมเมนท์

คอมเมนท์ทรัพยากรรายการนี้
  คอมเมนท์: ฟังลูก นักเขียน ..


 Copyright 2026. Bcnsprnw @Library